Quiz o Leo Messim - Statystyki

Ogólne statystyki
  • Ten quiz został rozwiązany 614 razy
  • Średni wynik to 11 z 17
Statystyki odpowiedzi
Pytania Odpowiedź % Poprawnych
Z jakiego państwa pochodzi? Argentyna
99%
W jakim klubie grał w latach 2004–2021? Barcelona
96%
Z jakimi dwoma napastnikami tworzył trio w Barcelonie które w latach 2014-2017 zdobyło łącznie 363 gole? Neymar
92%
Kto jest zwykle uważany za największego rywala Messiego? Cristiano Ronaldo
91%
Jaką markę butów piłkarskich reklamuje? Adidas
89%
Z jakimi dwoma napastnikami tworzył trio w Barcelonie które w latach 2014-2017 zdobyło łącznie 363 gole? Luis Suárez
86%
Do jakiego klubu dołączył w 2023 roku? Inter Miami
85%
Do jakiego byłego zawodnika, który zmarł w 2020 roku, często porównuje się Messiego? Diego Maradona
81%
Jaką główną nagrodę zdobył 8 razy, więcej niż ktokolwiek w historii? Złota Piłka
75%
Wymień jedno z trójki dzieci Messiego. Thiago | Mateo | Ciro
57%
Który brazylijski kolega z drużyny zaprzyjaźnił się z młodym Messim, nazywając go „młodszym bratem” Ronaldinho
56%
W jakim lokalnym zespole grał w młodości w latach 1995–2000? Newell's {Old} {Boys}
47%
Na czym spisano jego pierwszy kontrakt? Papierowej Serwetce
47%
=Messi jest znany jako „La Pulga Atómica”. Co to oznacza po Polski? Atomowa {Pchła}
42%
W jakim mieście się urodził? Rosario
39%
Z jakim zaburzeniem się zmaga całe życie? Zespół Aspergera
34%
Za jakie przestępstwo został skazany w 2016 r. i co skutkowało karą grzywny i zawieszeniem w zawieszeniu? Unikanie płacenia Podatków
20%
Nie znaleziono quizów pasujących do podanych kryteriów
Rozkład punktacji
Procent ludzi z każdym wynikiem
Percentyl według liczby udzielonych odpowiedzi
Twoja historia wyników
Nie rozwiązałeś tego quizu